00580cam a2200181u 45000010008000000030008000080050017000160080041000330100017000740400022000910820016001131300045001292450087001742600040002613000022003016500019003237000056003427941447BD-DhUL20170118190458.0830608q19051957nyu 000 0 eng  a 57052241  aDLCcBD-DhULdDLC a823.08bROT0 aBlackwood's magazine. [from old catalog]10aTales from "Blackwood" :cbeing the most famous series of stories ever published / aNew York :bLeslie-Judge Co.,c1905 a176 p. :c20 cm.  0aShort stories.1 aRoberts, Chalmers,d1870- [from old catalog]ecomp.